logo

Bir Sreshtho Munshi Abdur Rouf Library
Jhenaidah Cadet College

Harry Potter and the cursed child. (Record no. 10695)

MARC details
000 -LEADER
fixed length control field 01986nam a2200445 a 4500
001 - CONTROL NUMBER
JCCL Control Number 10695
003 - CONTROL NUMBER IDENTIFIER
JCCL marc code BD-JhCC
005 - DATE AND TIME OF LATEST TRANSACTION
control field 20230208134023.0
008 - FIXED-LENGTH DATA ELEMENTS--GENERAL INFORMATION
fixed length control field 180809t20162016enk 000 d eng d
020 ## - INTERNATIONAL STANDARD BOOK NUMBER
International Standard Book Number 9780751565355
020 ## - INTERNATIONAL STANDARD BOOK NUMBER
International Standard Book Number 0751565350
035 ## - SYSTEM CONTROL NUMBER
system control number (BD-JhCC)10695
035 ## - SYSTEM CONTROL NUMBER
system control number (UkCU)can978937
035 ## - SYSTEM CONTROL NUMBER
system control number (UkLoRLUK)33
038 ## - RECORD CONTENT LICENSOR
Record content licensor OCoLC
040 ## - CATALOGING SOURCE
Original cataloging agency SINLB
Description conventions rda
Transcribing agency SINLB
Modifying agency SINLB
-- OCLCO
-- SINLB
-- OCLCO
-- SINLB
-- AUAMR
-- OCLCO
-- ATSHR
-- OCLCO
-- OCLCF
-- OCLCO
-- UkOxU
-- BD-JhCC
041 ## - LANGUAGE CODE
Language code of Book eng
082 ## - DEWEY DECIMAL CLASSIFICATION NUMBER
Classification number 822.92
Author mark and Year THO 2016
100 1# - MAIN ENTRY--PERSONAL NAME
Personal name Thorne, Jack,
245 10 - TITLE STATEMENT
Title Harry Potter and the cursed child.
Number of part/section of a work Parts one and two /
Statement of responsibility, etc based on original new story by J.K. Rowling, John Tiffany & Jack Thorne ; a new play by Jack Thorne.
246 3# - VARYING FORM OF TITLE
Title proper/short title Harry Potter & the cursed child
250 ## - EDITION STATEMENT
Edition statement Special rehearsal edition.
260 ## - PUBLICATION, DISTRIBUTION, ETC. (IMPRINT)
Place of publication, distribution, etc London :
Name of publisher, distributor, etc Littel, Brown,
Date of publication, distribution, etc 2016
300 ## - PHYSICAL DESCRIPTION
Pagination 343 pages ;
Dimensions 24 cm
500 ## - GENERAL NOTE
General note "Based on an original new story by J.K. Rowling, John Tiffany & Jack Thorne"--Page preceding title page.
500 ## - GENERAL NOTE
General note "First produced by Sonia Friedman Productions, Colin Callender & Harry Potter Theatrical Productions"--Page preceding title page.
500 ## - GENERAL NOTE
General note A new play by Jack Thorne.
500 ## - GENERAL NOTE
General note "The official script of the original West End production"--Page preceding title page.
520 ## - SUMMARY, ETC.
Summary, etc As an overworked employee of the Ministry of Magic, a husband, and a father, Harry Potter struggles with a past that refuses to stay where it belongs while his youngest son, Albus, finds the weight of the family legacy difficult to bear.
600 10 - SUBJECT ADDED ENTRY--PERSONAL NAME
Personal name Potter, Harry
Titles and other words associated with a name (Fictitious character)
600 11 - SUBJECT ADDED ENTRY--PERSONAL NAME
Personal name Potter, Harry
Titles and other words associated with a name (Fictitious character)
600 17 - SUBJECT ADDED ENTRY--PERSONAL NAME
Personal name Potter, Harry
Titles and other words associated with a name (Fictitious character)
650 #0 - SUBJECT ADDED ENTRY--TOPICAL TERM
Topical term or geographic name as entry element Good and evil
Form subdivision Drama.
650 #0 - SUBJECT ADDED ENTRY--TOPICAL TERM
Topical term or geographic name as entry element Magic
Form subdivision Drama.
650 #7 - SUBJECT ADDED ENTRY--TOPICAL TERM
Topical term or geographic name as entry element Good and evil.
650 #7 - SUBJECT ADDED ENTRY--TOPICAL TERM
Topical term or geographic name as entry element Magic.
700 1# - ADDED ENTRY--PERSONAL NAME
Personal name Rowling, J. K.,
700 1# - ADDED ENTRY--PERSONAL NAME
Personal name Tiffany, John,
Dates associated with a name 1971-
942 ## - ADDED ENTRY ELEMENTS (KOHA)
Source of classification or shelving scheme Dewey Decimal Classification
Koha item type Books
Koha issues (borrowed), all copies 25
Holdings
Source of classification or shelving scheme Damaged status Not for loan Home library Current library Shelving location Date of accession Cost, normal purchase price Total Checkouts Full call number Barcode Date last seen Date checked out Copy number Koha item type
Dewey Decimal Classification     JCC Rouf Library JCC Rouf Library General Stacks 08/09/2018 899.00 29 822.92 THO 2016 14433 07/14/2025 05/24/2025 C-1 Books

JCC Library | Contacts | JCC Home

Last Update on 23 September 2017
Copyright @ 2017-2020 JCC Rouf Library
Rouf Library, Jhenidah Cadet College (JCC), Bangladesh